| 000 | 01565cam a2200433 a 4500 | ||
|---|---|---|---|
| 001 | 109583 | ||
| 005 | 20230410104015.0 | ||
| 008 | 031021s2003 sp a b 001 0 spa | ||
| 035 | _a13427196 | ||
| 925 | 0 |
_aacquire _b1 shelf copy _xpolicy default |
|
| 942 |
_2lcc _cbk |
||
| 010 | _a 2004372258 | ||
| 020 | _a8497040643 | ||
| 035 | _a(SP-Ba)pu030110167 | ||
| 040 |
_aDLC _cDLC _dDLC |
||
| 041 | _aspa | ||
| 043 | _ae-sp--- | ||
| 050 | 1 | 4 |
_aCD 1851 _bN322i 2003 |
| 082 | 0 | 0 | _a027 |
| 100 | 1 | _aNavarro Bonilla, Diego. | |
| 245 | 1 | 3 |
_aLa imagen del archivo : _brepresentación y funciones en España (siglos XVI y XVII) / _cDiego Navarro Bonilla. |
| 260 |
_aGijón, Asturias : _bEdiciones Trea, _c2003. |
||
| 300 |
_a227 p. : _bill. ; _c22 cm. |
||
| 440 | 0 |
_aBiblioteconomía y administración cultural ; _v80 |
|
| 504 | _aIncludes bibliographical references (p. [207]-227). | ||
| 650 | 0 |
_aArchives _zSpain. |
|
| 650 | 0 |
_aArchives _zSpain _xHistory _y16th century. |
|
| 650 | 0 |
_aArchives _zSpain _xHistory _y17th century. |
|
| 650 | 4 | _aAdministración de archivos. | |
| 650 | 4 |
_aArchivos históricos _zEspaña. |
|
| 650 | 4 |
_aArchivos _zEspaña. |
|
| 650 | 4 |
_aAdministración de archivos _zEspaña _ySiglo XVII. |
|
| 650 | 4 |
_aAdministración de archivos _zEspaña _ySiglo XVI. |
|
| 650 | 4 |
_aPatrimonio ducumental _zEspaña _ySiglo XVII. |
|
| 650 | 4 |
_aPatrimonio ducumental _zEspaña _ySiglo XVI. |
|
| 856 | 4 | 2 |
_3Publisher description _uhttp://www.loc.gov/catdir/enhancements/fy0836/2004372258-d.html |
| 923 |
_d20031205 _n104974 _sSpBaP |
||
| 946 | _adpf | ||
| 999 |
_c30193 _d30193 |
||